[Event "?"]
[Site "?"]
[Date "????.??.??"]
[Round "?"]
[White "Pitzl, K."]
[Black "Hesse, M."]
[Result "1/2-1/2"]
[WhiteElo "2055"]
[BlackElo "2014"]
[PlyCount "61"]
[EventDate "2013.??.??"]
[WhiteTeam "Steiermark"]
[BlackTeam "VS Seniorenschachklub DD"]

1. Nf3 Nf6 2. g3 d5 3. Bg2 e6 4. O-O c5 5. c4 Be7 6. cxd5 exd5 7. d3 O-O 8. Nc3
Nc6 9. Bf4 a6 10. Rc1 h6 11. Ne5 Nxe5 12. Bxe5 Be6 13. Bxf6 Bxf6 14. Qb3 Bxc3
15. bxc3 b5 16. Qa3 Qc7 17. c4 b4 18. Qb2 Qd6 19. d4 dxc4 20. dxc5 Qxc5 21.
Bxa8 Rxa8 22. Rcd1 Bh3 23. Qd4 Qc6 24. f3 Be6 25. Kf2 a5 26. a3 b3 27. Rc1 Qa4
28. Qd6 Rc8 29. Qe7 Qb5 30. Rb1 Qe5 31. Qb4 1/2-1/2

[Event "?"]
[Site "?"]
[Date "????.??.??"]
[Round "?"]
[White "Pape, M."]
[Black "Schneider, M."]
[Result "1/2-1/2"]
[WhiteElo "2216"]
[BlackElo "1957"]
[PlyCount "76"]
[EventDate "2013.??.??"]
[WhiteTeam "Widukind 1"]
[BlackTeam "Störtebeker"]

1. d4 d5 2. Nf3 Nf6 3. Bg5 e6 4. e3 Be7 5. Nbd2 Nbd7 6. Bd3 c6 7. O-O O-O 8. c3
Re8 9. Qe2 Nf8 10. Ne5 N6d7 11. Bxe7 Rxe7 12. f4 f6 13. Nxd7 Bxd7 14. Nf3 Rc8
15. Rae1 Qc7 16. Qf2 Rce8 17. Qg3 Bc8 18. h4 Nd7 19. h5 e5 20. fxe5 fxe5 21.
Ng5 Nf8 22. Qf2 e4 23. Bc2 h6 24. Nh3 Bxh3 25. gxh3 Nh7 26. Bd1 Rf8 27. Qg2
Ref7 28. Bg4 Qd6 29. Rxf7 Rxf7 30. Rf1 Rxf1+ 31. Kxf1 b6 32. Bf5 Ng5 33. Ke2
Nf3 34. Bg4 Ng5 35. Qf2 a5 36. Qf4 Qxf4 37. exf4 Nf7 38. Bd7 Nd8 1/2-1/2

[Event "?"]
[Site "?"]
[Date "????.??.??"]
[Round "?"]
[White "Johannsen, I."]
[Black "Szenetra, W."]
[Result "0-1"]
[WhiteElo "1933"]
[BlackElo "2186"]
[PlyCount "103"]
[EventDate "2013.??.??"]
[WhiteTeam "Störtebeker"]
[BlackTeam "Widukind 1"]

1. e4 g6 2. d4 Bg7 3. Nf3 d6 4. Be2 Nd7 5. O-O e5 6. Bg5 Ne7 7. dxe5 dxe5 8.
Nc3 h6 9. Be3 O-O 10. Qd2 Kh7 11. Rad1 a6 12. Bc5 b6 13. Ba3 c5 14. Nd5 Nxd5
15. Qxd5 Ra7 16. c4 Qc7 17. b3 Nf6 18. Qd3 Bb7 19. Nd2 Rd8 20. Qc2 h5 21. f3
Bh6 22. Nb1 Be3+ 23. Kh1 Kg7 24. Bb2 Raa8 25. Nc3 h4 26. Rd3 Rxd3 27. Qxd3 Bd4
28. Nd1 Nh5 29. Bxd4 exd4 30. Nf2 Rh8 31. Rd1 Bc8 32. Kg1 Nf4 33. Qd2 h3 34. g3
Ng2 35. f4 Ne3 36. Rc1 f5 37. Bf3 Bb7 38. Qe2 fxe4 39. Nxe4 Bxe4 40. Bxe4 Re8
41. Qd3 Qd6 42. Re1 Qf6 43. Re2 Re7 44. Rf2 Qe6 45. Bf3 Qf5 46. Qxf5 gxf5 47.
Rd2 b5 48. cxb5 axb5 49. b4 c4 50. Rxd4 c3 51. Rd6 c2 52. Rc6 0-1

[Event "?"]
[Site "?"]
[Date "????.??.??"]
[Round "?"]
[White "Buck, K."]
[Black "Grabitz, G."]
[Result "1/2-1/2"]
[WhiteElo "1730"]
[BlackElo "2067"]
[PlyCount "81"]
[EventDate "2013.??.??"]
[WhiteTeam "Störtebeker"]
[BlackTeam "Widukind 1"]

1. b4 Nf6 2. Nf3 d6 3. e3 Nbd7 4. Bb2 e5 5. a4 g6 6. a5 a6 7. c4 Bg7 8. Qb3 O-O
9. d3 Re8 10. Nbd2 c6 11. e4 Nf8 12. Be2 Nh5 13. g3 h6 14. Nh4 Nf6 15. Ng2 Bh3
16. Ne3 Qd7 17. f3 h5 18. Bf1 Bh6 19. Bxh3 Qxh3 20. Ndf1 Ne6 21. Kf2 Nd7 22.
Bc3 Nd4 23. Qb2 Bg7 24. Nc2 Nxc2 25. Qxc2 Qe6 26. Qe2 d5 27. c5 Rad8 28. Rd1
Nf8 29. Nd2 Qc8 30. Nb3 Ne6 31. Qb2 Nc7 32. Bd2 dxe4 33. dxe4 Rd3 34. Be3 Qd7
35. Ke2 Rd8 36. Qc2 Rxd1 37. Rxd1 Qxd1+ 38. Qxd1 Rxd1 39. Kxd1 Kf8 40. Nd2 Nb5
41. Kc2 1/2-1/2

[Event "?"]
[Site "?"]
[Date "????.??.??"]
[Round "?"]
[White "Bußler, J."]
[Black "Schmidt, G."]
[Result "1-0"]
[WhiteElo "2024"]
[BlackElo "2235"]
[PlyCount "38"]
[EventDate "2013.??.??"]
[WhiteTeam "SV Bannewitz"]
[BlackTeam "USV TU Dresden"]

1. d4 Nf6 2. c4 e6 3. Nc3 d5 4. e3 Be7 5. Nf3 O-O 6. Bd3 c5 7. dxc5 Bxc5 8. O-O
Nc6 9. a3 a5 10. Qc2 Qe7 11. Rd1 dxc4 12. Bxc4 e5 13. Nd5 Nxd5 14. Bxd5 Bg4 15.
Qe4 Bh5 16. Bxc6 bxc6 17. g4 f5 18. Qxc6 Bxg4 19. Rd7 Bxf3 1-0

[Event "?"]
[Site "?"]
[Date "????.??.??"]
[Round "?"]
[White "Petzold, H."]
[Black "Schmidt, G."]
[Result "1/2-1/2"]
[WhiteElo "2129"]
[BlackElo "2093"]
[PlyCount "42"]
[EventDate "2013.??.??"]
[WhiteTeam "USV TU Dresden"]
[BlackTeam "SV Bannewitz"]

1. e4 c5 2. Nc3 Nc6 3. f4 g6 4. Nf3 Bg7 5. Bb5 Nd4 6. Bc4 e6 7. d3 Ne7 8. Nxd4
cxd4 9. Ne2 b5 10. Bb3 O-O 11. O-O Bb7 12. Qe1 a5 13. a4 b4 14. Qf2 Qb6 15. Qh4
Rae8 16. Kh1 f5 17. e5 Nd5 18. Qg3 Rf7 19. Bd2 d6 20. Rae1 dxe5 21. fxe5 Bf8
1/2-1/2

[Event "?"]
[Site "?"]
[Date "????.??.??"]
[Round "?"]
[White "Köhn, W."]
[Black "Kahn, P."]
[Result "1/2-1/2"]
[WhiteElo "1531"]
[BlackElo "2129"]
[PlyCount "130"]
[EventDate "2013.??.??"]
[WhiteTeam "SV Bannewitz"]
[BlackTeam "USV TU Dresden"]

1. d4 d5 2. c4 c6 3. Nf3 Nf6 4. Nc3 e6 5. e3 Nbd7 6. Bd3 dxc4 7. Bxc4 b5 8. Bd3
Bb7 9. e4 a6 10. O-O c5 11. e5 Nd5 12. Nxd5 Bxd5 13. Be3 c4 14. Be2 Nb6 15. a3
Be7 16. Qc2 Qb8 17. Nd2 Qb7 18. Bf3 Bxf3 19. Nxf3 h6 20. Rad1 Qd5 21. Nd2 O-O
22. Qe4 Qxe4 23. Nxe4 Rfd8 24. Nc3 Nd5 25. Nxd5 Rxd5 26. Rd2 Rad8 27. Rfd1 a5
28. f4 c3 29. bxc3 Bxa3 30. Ra2 b4 31. cxb4 Bxb4 32. Rc1 Rb8 33. Kf2 Rdd8 34.
Kf3 Rdc8 35. Rac2 Rxc2 36. Rxc2 a4 37. Bd2 Bxd2 38. Rxd2 a3 39. Ra2 Ra8 40. Ke4
f5+ 41. exf6 gxf6 42. g4 Kf7 43. h4 Ra5 44. Kd3 Ke7 45. Kc3 Ra8 46. Kd3 Rg8 47.
g5 fxg5 48. fxg5 hxg5 49. hxg5 Rxg5 50. Kc4 Rg3 51. Kb4 Kd6 52. Kc4 Re3 53. Rd2
Kc6 54. Ra2 Rh3 55. Re2 Kd6 56. Ra2 Rg3 57. Rd2 Rg8 58. Ra2 Ra8 59. Kc3 Kd5 60.
Kd3 Rh8 61. Re2 Rh3+ 62. Kc2 Rh5 63. Kb3 Kxd4 64. Rxe6 Ra5 65. Ka2 Re5 1/2-1/2

[Event "?"]
[Site "?"]
[Date "????.??.??"]
[Round "?"]
[White "Roos, H."]
[Black "Wünschmann, B."]
[Result "1/2-1/2"]
[WhiteElo "2022"]
[BlackElo "1682"]
[PlyCount "63"]
[EventDate "2013.??.??"]
[WhiteTeam "USV TU Dresden"]
[BlackTeam "SV Bannewitz"]

1. Nf3 d5 2. g3 Nf6 3. Bg2 c6 4. d3 e6 5. O-O Be7 6. Nbd2 O-O 7. e4 Nbd7 8. e5
Ne8 9. Re1 g6 10. Nf1 Ng7 11. Bh3 c5 12. Bh6 b6 13. Qd2 Bb7 14. Qe2 a6 15. Bg4
Re8 16. Bxg7 Kxg7 17. h4 h5 18. Bh3 Rb8 19. N1d2 Nf8 20. Rad1 b5 21. c4 d4 22.
b3 b4 23. Ne4 Bxe4 24. Qxe4 g5 25. hxg5 Bxg5 26. Bg2 Bh6 27. Nh4 Bg5 28. Bf3
Bxh4 29. gxh4 Ng6 30. Bxh5 Rh8 31. Bxg6 Rxh4 32. Qg2 1/2-1/2

[Event "?"]
[Site "?"]
[Date "????.??.??"]
[Round "?"]
[White "Gneiss, K."]
[Black "Stavenhagen, J."]
[Result "1-0"]
[WhiteElo "2134"]
[BlackElo "2007"]
[PlyCount "73"]
[EventDate "2013.??.??"]
[WhiteTeam "Salzburg"]
[BlackTeam "Saxone"]

1. c4 Nf6 2. g3 e6 3. Bg2 Nc6 4. Nf3 Rb8 5. O-O Be7 6. Nc3 O-O 7. e4 d6 8. d4
a6 9. Qe2 b5 10. b3 b4 11. Na4 a5 12. Rd1 Ba6 13. Qc2 h6 14. Bb2 Qe8 15. Rac1
Bb7 16. d5 Nd8 17. Nd4 c5 18. dxc6 Bxc6 19. Nxc6 Nxc6 20. Qd2 Rd8 21. Qe3 Nd7
22. Ba1 Rb8 23. Rc2 Qc8 24. Rcd2 Rd8 25. h3 Rf8 26. Kh2 Rd8 27. f4 Qc7 28. Qf3
Rbc8 29. h4 Nf8 30. Qg4 e5 31. Bh3 Ne6 32. Qh5 g6 33. Qf3 exf4 34. gxf4 Bxh4
35. Bxe6 fxe6 36. Qg4 Qe7 37. Qxg6+ 1-0

[Event "?"]
[Site "?"]
[Date "????.??.??"]
[Round "?"]
[White "Alter, H."]
[Black "Stürzenbaum, A."]
[Result "0-1"]
[WhiteElo "1876"]
[BlackElo "2156"]
[PlyCount "100"]
[EventDate "2013.??.??"]
[WhiteTeam "Saxone"]
[BlackTeam "Salzburg"]

1. e4 c5 2. f4 d5 3. exd5 Nf6 4. c4 e6 5. Nc3 Be7 6. Nf3 O-O 7. Be2 exd5 8.
cxd5 Nxd5 9. d4 Nc6 10. Nxd5 Qxd5 11. Be3 Qe4 12. Qd3 Qxd3 13. Bxd3 cxd4 14.
Bd2 Bb4 15. O-O Bxd2 16. Nxd2 Be6 17. a3 Bd5 18. Rad1 Rfe8 19. Rfe1 Kf8 20. Kf2
g6 21. b4 a6 22. Nc4 Bxc4 23. Bxc4 Rad8 24. g4 h6 25. h3 g5 26. Rxe8+ Rxe8 27.
fxg5 hxg5 28. Bd5 Re3 29. Bxc6 bxc6 30. Rxd4 Rxa3 31. Rc4 Rxh3 32. Rxc6 Ra3 33.
Rb6 Ke7 34. b5 a5 35. Ra6 a4 36. b6 Rb3 37. Rxa4 Rxb6 38. Kf3 f6 39. Ke4 Kf7
40. Rc4 Rb1 41. Rc7+ Kg6 42. Rc6 Rf1 43. Ke3 Rf4 44. Rc8 Rxg4 45. Kf3 Ra4 46.
Rc3 Ra6 47. Rb3 f5 48. Rc3 g4+ 49. Kf4 Ra4+ 50. Kg3 Kg5 0-1

[Event "?"]
[Site "?"]
[Date "????.??.??"]
[Round "?"]
[White "Koller, H."]
[Black "Francke, D."]
[Result "1-0"]
[WhiteElo "2113"]
[BlackElo "1722"]
[PlyCount "91"]
[EventDate "2013.??.??"]
[WhiteTeam "Salzburg"]
[BlackTeam "Saxone"]

1. e4 c5 2. Nc3 Nc6 3. g3 a6 4. Bg2 e6 5. Nge2 Nge7 6. O-O d5 7. exd5 Nxd5 8.
Nxd5 exd5 9. d4 c4 10. Nf4 Be6 11. Re1 Be7 12. Nxe6 fxe6 13. c3 Qd7 14. Qg4 Kf7
15. Qh5+ g6 16. Qf3+ Kg7 17. Qe2 Kf7 18. Bh3 Nd8 19. Bh6 Re8 20. f4 Bf6 21. Qg4
b5 22. a3 Rb8 23. Re2 Rb6 24. Rae1 a5 25. Bg5 Qe7 26. Bg2 Bxg5 27. fxg5 Qd6 28.
Rf2+ Kg8 29. Rf6 Rf8 30. Qf3 Rb7 31. h4 Rbf7 32. Bh3 Rxf6 33. gxf6 Kf7 34. g4
b4 35. axb4 axb4 36. g5 bxc3 37. bxc3 Rh8 38. Qe3 Re8 39. Kg2 Nc6 40. Bg4 e5
41. h5 e4 42. hxg6+ hxg6 43. Qh3 Rg8 44. Qh7+ Kf8 45. f7 Rg7 46. Qh8+ 1-0

[Event "?"]
[Site "?"]
[Date "????.??.??"]
[Round "?"]
[White "Zanger, K."]
[Black "Prochaska, J."]
[Result "0-1"]
[WhiteElo "1817"]
[BlackElo "2003"]
[PlyCount "78"]
[EventDate "2013.??.??"]
[WhiteTeam "Saxone"]
[BlackTeam "Salzburg"]

1. d4 Nf6 2. c4 c5 3. e3 g6 4. Nc3 Bg7 5. Nf3 O-O 6. Bd3 d6 7. O-O Bg4 8. Be2
Nc6 9. h3 Bxf3 10. Bxf3 Nd7 11. a3 cxd4 12. exd4 Nxd4 13. Rb1 Nxf3+ 14. Qxf3
Ne5 15. Qe2 Rc8 16. Nd5 e6 17. Ne3 Qb6 18. b3 Rfd8 19. Kh1 d5 20. cxd5 exd5 21.
Ng4 Nxg4 22. Qxg4 Rc2 23. f3 Re8 24. Qd7 Qc6 25. Qg4 h5 26. Qg3 Be5 27. Bf4
Bxf4 28. Qxf4 Ree2 29. Rbc1 Rxg2 30. Qb8+ Kh7 31. Rxc2 Qxc2 32. Qf4 Kg7 33.
Qe5+ f6 34. Qe7+ Kh6 35. Qf8+ Kg5 36. Qd6 Kh4 37. Qxf6+ Kxh3 38. Qe6+ Qf5 39.
Qe3 Rh2+ 0-1

[Event "?"]
[Site "?"]
[Date "????.??.??"]
[Round "?"]
[White "Wicklund-Hansen, R."]
[Black "Hedin, G."]
[Result "0-1"]
[WhiteElo "1864"]
[BlackElo "2125"]
[PlyCount "64"]
[EventDate "2013.??.??"]
[WhiteTeam "Norwegen 3"]
[BlackTeam "Schweden 2"]

1. e4 e6 2. d3 d5 3. Nd2 c5 4. Ngf3 Nc6 5. g3 Bd6 6. Bg2 Nge7 7. O-O O-O 8. Re1
Qc7 9. exd5 exd5 10. d4 c4 11. c3 Bg4 12. Nf1 b5 13. Ne3 Bh5 14. Qd2 f6 15. Nh4
Bf7 16. Nhf5 Nxf5 17. Nxf5 Rae8 18. Nxd6 Qxd6 19. Rxe8 Rxe8 20. Qd1 b4 21. Bf4
Qe6 22. Kf1 Bg6 23. Be3 Be4 24. Bd2 bxc3 25. bxc3 Rb8 26. Bc1 Bxg2+ 27. Kxg2
Ne7 28. Bf4 Rb2 29. Qa4 Kf7 30. Qd1 g5 31. Bc1 Re2 32. Be3 Qxe3 0-1

[Event "?"]
[Site "?"]
[Date "????.??.??"]
[Round "?"]
[White "Nordstrom, F."]
[Black "Nilsen, K."]
[Result "1-0"]
[WhiteElo "2134"]
[BlackElo "1885"]
[PlyCount "41"]
[EventDate "2013.??.??"]
[WhiteTeam "Schweden 2"]
[BlackTeam "Norwegen 3"]

1. d4 Nf6 2. c4 e6 3. Nc3 d5 4. Bg5 Be7 5. e3 c6 6. Nf3 Nbd7 7. Qc2 O-O 8. Rd1
Re8 9. a3 a6 10. h3 Nf8 11. Bd3 dxc4 12. Bxc4 b5 13. Be2 h6 14. Bf4 Nd5 15.
Nxd5 cxd5 16. Bc7 Bb4+ 17. axb4 Qf6 18. O-O Nd7 19. Bd6 Qd8 20. Rc1 Nb6 21. Bc7
1-0

[Event "?"]
[Site "?"]
[Date "????.??.??"]
[Round "?"]
[White "Kverndal, L."]
[Black "Korman, U."]
[Result "0-1"]
[WhiteElo "1843"]
[BlackElo "2150"]
[PlyCount "70"]
[EventDate "2013.??.??"]
[WhiteTeam "Norwegen 3"]
[BlackTeam "Schweden 2"]

1. d4 Nf6 2. Nf3 e6 3. c4 c5 4. g3 b6 5. Bg2 Bb7 6. O-O cxd4 7. Nxd4 Bxg2 8.
Kxg2 Qc7 9. b3 a6 10. Bb2 Be7 11. Nc3 O-O 12. e4 Qb7 13. Qf3 d6 14. e5 Qxf3+
15. Nxf3 dxe5 16. Nxe5 Bd6 17. f4 Bxe5 18. fxe5 Ng4 19. Rae1 Nc6 20. Nb1 h5 21.
h3 Nh6 22. Nd2 Nb4 23. Re4 Rfd8 24. Nf3 Nxa2 25. Nd4 Nb4 26. g4 hxg4 27. hxg4
Nd3 28. Bc3 Nc5 29. Ref4 g5 30. R4f3 Ne4 31. Nc6 Rd7 32. Rh3 Kg7 33. Rfh1 Nxg4
34. Rh7+ Kg6 35. Nb4 Nef2 0-1

[Event "?"]
[Site "?"]
[Date "????.??.??"]
[Round "?"]
[White "Ghijsen, P."]
[Black "Baumgarten, W."]
[Result "1-0"]
[WhiteElo "2187"]
[BlackElo "1956"]
[PlyCount "73"]
[EventDate "2013.??.??"]
[WhiteTeam "VAS"]
[BlackTeam "BSW/DBAG 2"]

1. d4 d5 2. Nf3 f5 3. g3 Nf6 4. Bg2 e6 5. O-O Bd6 6. c4 c6 7. b3 O-O 8. Ba3
Bxa3 9. Nxa3 Nbd7 10. Nc2 Qe8 11. Qd2 Ne4 12. Qe3 Qh5 13. Ne5 Nxe5 14. dxe5 Ng5
15. Rad1 Nh3+ 16. Bxh3 Qxh3 17. a4 f4 18. gxf4 Qg4+ 19. Qg3 Rxf4 20. f3 Qxg3+
21. hxg3 Rf8 22. Nd4 a6 23. c5 a5 24. Kf2 Bd7 25. Rb1 Rfb8 26. Ke3 b5 27. axb5
cxb5 28. c6 Bc8 29. Rfc1 b4 30. Ra1 a4 31. bxa4 b3 32. Rcb1 Rb4 33. Rxb3 Rc4
34. a5 Kf7 35. Rb7+ Kg6 36. a6 Bxb7 37. cxb7 1-0

[Event "?"]
[Site "?"]
[Date "????.??.??"]
[Round "?"]
[White "Neudel, B."]
[Black "Lindner, J."]
[Result "1-0"]
[WhiteElo "1887"]
[BlackElo "2157"]
[PlyCount "54"]
[EventDate "2013.??.??"]
[WhiteTeam "BSW/DBAG 2"]
[BlackTeam "VAS"]

1. c4 f5 2. g3 Nf6 3. Bg2 e5 4. Nc3 Be7 5. d3 O-O 6. e3 d6 7. Nge2 Qe8 8. O-O
c6 9. b3 Na6 10. Bb2 Qh5 11. f3 g5 12. Qe1 Nc5 13. Rd1 Ne6 14. Rd2 Bd7 15. Nd1
Rae8 16. Nf2 Qg6 17. d4 f4 18. e4 fxg3 19. hxg3 exd4 20. Nxd4 Nxd4 21. Nd3 d5
22. cxd5 Bb4 23. dxc6 Bxc6 24. Qe3 g4 25. f4 Bxd2 26. Qxd2 Nxe4 27. Bxe4 Qxe4
1-0

[Event "?"]
[Site "?"]
[Date "????.??.??"]
[Round "?"]
[White "Jongsma, A."]
[Black "Hasivar, G."]
[Result "1-0"]
[WhiteElo "2148"]
[BlackElo "1687"]
[PlyCount "38"]
[EventDate "2013.??.??"]
[WhiteTeam "VAS"]
[BlackTeam "BSW/DBAG 2"]

1. e4 c5 2. Nf3 Nc6 3. Bb5 Qc7 4. c3 a6 5. Ba4 b5 6. Bc2 Bb7 7. O-O e6 8. Qe2
Be7 9. a4 b4 10. d4 cxd4 11. cxd4 a5 12. Bd3 Nb8 13. Be3 Ba6 14. Rc1 Bxd3 15.
Qxd3 Qb7 16. Nbd2 Nf6 17. Rc2 O-O 18. Rac1 Na6 19. e5 Nd5 1-0

[Event "?"]
[Site "?"]
[Date "????.??.??"]
[Round "?"]
[White "Schüppen, H."]
[Black "Van Dongen, R."]
[Result "1/2-1/2"]
[WhiteElo "1824"]
[BlackElo "1986"]
[PlyCount "23"]
[EventDate "2013.??.??"]
[WhiteTeam "BSW/DBAG 2"]
[BlackTeam "VAS"]

1. d4 d5 2. Nf3 Nf6 3. Bg5 Ne4 4. Bf4 c6 5. c3 Qb6 6. Qb3 Qxb3 7. axb3 a6 8.
Bxb8 Rxb8 9. b4 Bf5 10. Nbd2 e6 11. e3 Bd6 12. Be2 1/2-1/2

[Event "?"]
[Site "?"]
[Date "????.??.??"]
[Round "?"]
[White "Macdonald-Ross, M."]
[Black "Fleischer, M."]
[Result "1-0"]
[WhiteElo "2136"]
[BlackElo "1912"]
[PlyCount "91"]
[EventDate "2013.??.??"]
[WhiteTeam "England 2"]
[BlackTeam "Rochade MV"]

1. d4 Nf6 2. Nf3 e6 3. e3 d5 4. Bd3 c5 5. b3 cxd4 6. exd4 Nc6 7. Bb2 Bd6 8. O-O
h6 9. Nbd2 Nb4 10. Be2 Bd7 11. a3 Nc6 12. Bd3 Qc7 13. Re1 O-O 14. Ne5 Be8 15.
Qe2 Bxe5 16. dxe5 Nd7 17. c4 dxc4 18. Nxc4 Nb6 19. Qe4 g6 20. Rac1 Nxc4 21.
Rxc4 Qe7 22. Bc1 Na5 23. Rc3 Bc6 24. Qe3 Bd5 25. b4 Nc6 26. Qxh6 Rfc8 27. Bxg6
fxg6 28. Rg3 Qh7 29. Rxg6+ Kh8 30. Qg5 Rg8 31. Qf6+ Rg7 32. Rh6 Kg8 33. Rxh7
Rxg2+ 34. Kf1 Kxh7 35. Qh6+ Kg8 36. Bg5 Kf7 37. Qh7+ Ke8 38. Qg8+ Kd7 39. Qxa8
Rxg5 40. Qxb7+ Ke8 41. Qc8+ Kf7 42. Re3 Bc4+ 43. Ke1 Rg6 44. Kd2 Bd5 45. Rg3
Ba2 46. Rg5 1-0

[Event "?"]
[Site "?"]
[Date "????.??.??"]
[Round "?"]
[White "Micheel, Peter"]
[Black "Ashby, Anthony C"]
[Result "0-1"]
[WhiteElo "1926"]
[BlackElo "2116"]
[PlyCount "88"]
[EventDate "2013.??.??"]
[WhiteTeam "Rochade MV"]
[BlackTeam "England 2"]

1. e4 e6 2. d4 d5 3. Nc3 Nf6 4. Bg5 Bb4 5. e5 h6 6. Bh4 g5 7. exf6 gxh4 8. Qf3
Nd7 9. O-O-O Qxf6 10. Qe3 c6 11. f4 b6 12. Nf3 Bb7 13. Bd3 O-O-O 14. Ne2 Bd6
15. Rhf1 Rhg8 16. Rf2 Rg7 17. h3 Rdg8 18. Rg1 c5 19. c3 Nb8 20. Ne5 Qe7 21. Ng4
f5 22. Ne5 Nd7 23. Nxd7 Qxd7 24. Qf3 Qe8 25. Re1 Kb8 26. Kb1 Bc8 27. Rg1 c4 28.
Bc2 b5 29. g3 hxg3 30. Rxg3 Rxg3 31. Nxg3 Qg6 32. Ne2 Bd7 33. a3 Kc7 34. Ka2
Be8 35. b3 Bc6 36. b4 Kb6 37. Kb2 a5 38. bxa5+ Kxa5 39. Qe3 Bd7 40. Rf3 Qg2 41.
Rf2 Qh1 42. Qf3 Bxa3+ 43. Ka2 Qxf3 44. Rxf3 Bd6 0-1

[Event "?"]
[Site "?"]
[Date "????.??.??"]
[Round "?"]
[White "Quinn, J."]
[Black "Kundt, G."]
[Result "1-0"]
[WhiteElo "2103"]
[BlackElo "1512"]
[PlyCount "50"]
[EventDate "2013.??.??"]
[WhiteTeam "England 2"]
[BlackTeam "Rochade MV"]

1. d4 Nf6 2. c4 g6 3. Nc3 d5 4. Nf3 Bg7 5. Qb3 dxc4 6. Qxc4 O-O 7. e4 c6 8. Be2
Nbd7 9. O-O Nb6 10. Qd3 Bg4 11. Rd1 e6 12. Bg5 Qc7 13. a3 Bxf3 14. Qxf3 Ne8 15.
Rac1 f6 16. Bd3 Nd6 17. d5 e5 18. dxc6 bxc6 19. Nb5 Nxb5 20. Bxb5 Rac8 21. Bxc6
Qb8 22. a4 a5 23. Qe2 Rxc6 24. Rxc6 Nc8 25. Rd7 Qb7 1-0

[Event "?"]
[Site "?"]
[Date "????.??.??"]
[Round "?"]
[White "Meier, W."]
[Black "Westphal, N."]
[Result "1/2-1/2"]
[WhiteElo "2188"]
[BlackElo "1900"]
[PlyCount "119"]
[EventDate "2013.??.??"]
[WhiteTeam "SV Lok Dresden"]
[BlackTeam "BSV Chemie Radebeul"]

1. d4 Nf6 2. c4 c6 3. Nf3 d6 4. Nc3 Qc7 5. e4 Bg4 6. Be2 Nbd7 7. Be3 e5 8. O-O
Be7 9. Qc2 O-O 10. Rfd1 a6 11. Rac1 Rac8 12. h3 Bxf3 13. Bxf3 exd4 14. Bxd4 Nc5
15. g3 Ne6 16. Be3 Nd7 17. Bg2 Ne5 18. Qe2 g6 19. f4 Nd7 20. Rf1 Bf6 21. Qd2
Rfd8 22. Ne2 Ng7 23. Bf3 h5 24. Kg2 Nf8 25. g4 Kh7 26. g5 Be7 27. f5 f6 28. Bd4
Ne8 29. fxg6+ Nxg6 30. Bxh5 fxg5 31. Bg4 Ne5 32. Bf5+ Kh8 33. Ng3 Ng7 34. Bxc8
Qxc8 35. Nf5 Qe6 36. Nxe7 Qxe7 37. Be3 Ne6 38. Rf5 Rg8 39. c5 dxc5 40. Rxe5
Nf4+ 41. Bxf4 gxf4+ 42. Kh2 Qxe5 43. Qc3 Qd4 44. Rf1 Rf8 45. h4 Kh7 46. Qxd4
cxd4 47. Kg2 Kg6 48. Kf3 c5 49. Rg1+ Kh6 50. Rg5 c4 51. Rd5 d3 52. a4 Rb8 53.
Kxf4 b5 54. a5 b4 55. Ke3 Rc8 56. Kd2 Rc6 57. e5 Kg7 58. Rd6 Rc5 59. Rd4 c3+
60. bxc3 1/2-1/2

[Event "?"]
[Site "?"]
[Date "????.??.??"]
[Round "?"]
[White "Richter, A."]
[Black "Tichatschke, W."]
[Result "0-1"]
[WhiteElo "1673"]
[BlackElo "2012"]
[PlyCount "100"]
[EventDate "2013.??.??"]
[WhiteTeam "BSV Chemie Radebeul"]
[BlackTeam "SV Lok Dresden"]

1. d4 d5 2. c4 e6 3. Nc3 Nf6 4. Bg5 Be7 5. cxd5 exd5 6. e3 O-O 7. Be2 c6 8. Qc2
Ne4 9. Bxe7 Qxe7 10. Nf3 Bf5 11. Bd3 Nd7 12. Bxe4 dxe4 13. Nd2 Rfe8 14. h3 Qh4
15. Nc4 Re6 16. O-O-O b5 17. Na5 b4 18. Na4 Qd8 19. Nc4 Qc7 20. g4 Bg6 21. Rd2
Ree8 22. Kb1 f6 23. b3 Bf7 24. Ncb2 Bd5 25. Ka1 Nb6 26. h4 Qd7 27. g5 Qe7 28.
Rdd1 fxg5 29. hxg5 Qxg5 30. Rdg1 Qf6 31. Nc5 h6 32. Rg2 Rf8 33. Rhg1 Rf7 34.
Nd1 Re8 35. Kb2 a5 36. Rg6 Qh4 37. R6g4 Qe7 38. Qe2 a4 39. Rg6 Qh4 40. R6g4 Qh2
41. R4g2 Qh3 42. Rg3 Qf5 43. Rh1 Kh7 44. Rh5 Qc8 45. bxa4 Bc4 46. Qc2 Bd5 47.
f4 Rf5 48. Qe2 Bf7 49. Qg4 g6 50. Nf2 Rxh5 0-1

[Event "?"]
[Site "?"]
[Date "????.??.??"]
[Round "?"]
[White "Eskandary, J."]
[Black "Ritter, F."]
[Result "1-0"]
[WhiteElo "2108"]
[BlackElo "1660"]
[PlyCount "65"]
[EventDate "2013.??.??"]
[WhiteTeam "SV Lok Dresden"]
[BlackTeam "BSV Chemie Radebeul"]

1. e4 Nc6 2. Nc3 d6 3. Bc4 e5 4. d3 a6 5. a3 Be7 6. f4 Nf6 7. f5 b5 8. Ba2 Nd4
9. Nf3 Nxf3+ 10. Qxf3 Bb7 11. Be3 c6 12. g4 Nd7 13. Bf2 Bh4 14. O-O-O Bxf2 15.
Qxf2 f6 16. Qh4 Qe7 17. Qh5+ Kd8 18. d4 exd4 19. Rxd4 Ne5 20. Rhd1 d5 21. exd5
c5 22. Re4 Qd6 23. g5 Kc7 24. gxf6 gxf6 25. Rg1 Rad8 26. Rg7+ Rd7 27. Qh6 c4
28. Rxd7+ Nxd7 29. Qg7 Qf8 30. d6+ Kc6 31. Qg2 Rg8 32. Rg4+ Kb6 33. Qg1+ 1-0

[Event "?"]
[Site "?"]
[Date "????.??.??"]
[Round "?"]
[White "Portsch, C."]
[Black "Goerden, H."]
[Result "0-1"]
[WhiteElo "1588"]
[BlackElo "1930"]
[PlyCount "92"]
[EventDate "2013.??.??"]
[WhiteTeam "BSV Chemie Radebeul"]
[BlackTeam "SV Lok Dresden"]

1. d4 Nf6 2. c4 e6 3. Nc3 Bb4 4. a3 Bxc3+ 5. bxc3 d5 6. Bg5 h6 7. Bxf6 Qxf6 8.
e3 c6 9. Nf3 O-O 10. Bd3 Nd7 11. cxd5 exd5 12. O-O Re8 13. Re1 Nf8 14. Nd2 Bf5
15. e4 dxe4 16. Nxe4 Qg6 17. Qc2 Rad8 18. Re3 Bxe4 19. Bxe4 Qd6 20. Qe2 Re6 21.
Qa2 Rf6 22. g3 g6 23. Rae1 Kg7 24. Bg2 Re6 25. Bh3 Rxe3 26. fxe3 b6 27. e4 Ne6
28. e5 Qd5 29. Qf2 Rd7 30. Bg2 Qc4 31. Qf3 Rc7 32. Rf1 Ng5 33. Qe3 Ne6 34. h4
Nf8 35. Be4 Nh7 36. Bc2 Qe6 37. Kh2 c5 38. d5 Qxd5 39. Qf4 Re7 40. Re1 Qe6 41.
g4 Re8 42. g5 h5 43. Kg3 Nf8 44. Ba4 Re7 45. Bb5 Kg8 46. Bc4 Qd7 0-1

[Event "?"]
[Site "?"]
[Date "????.??.??"]
[Round "?"]
[White "Bjorgvik, Jan Arne"]
[Black "Villing, Dieter"]
[Result "0-1"]
[WhiteElo "1835"]
[BlackElo "2120"]
[PlyCount "92"]
[EventDate "2013.??.??"]
[WhiteTeam "Norwegen 4"]
[BlackTeam "Schachfreunde Rhein"]

1. e4 c5 2. Nf3 Nc6 3. d4 cxd4 4. Nxd4 Nf6 5. Nxc6 bxc6 6. e5 Nd5 7. c4 Nb6 8.
Nc3 g6 9. Be3 Bg7 10. f4 O-O 11. c5 Nd5 12. Nxd5 cxd5 13. Qxd5 Rb8 14. b3 d6
15. c6 Be6 16. Qd2 Qc7 17. exd6 Qxc6 18. Rc1 Qxd6 19. Qxd6 exd6 20. Bxa7 Ra8
21. Rc7 Rfc8 22. Rxc8+ Bxc8 23. Be3 Rxa2 24. Bd2 Bd4 25. Bb4 Bg4 26. Bd2 Ra1+
27. Bc1 Rxc1+ 28. Kd2 Ra1 29. Kd3 Bc5 30. h3 Bf5+ 31. Kc4 Rc1+ 32. Kd5 Rd1+ 33.
Kc4 Be6+ 34. Kc3 Rb1 35. Kc2 Re1 36. Kc3 Be3 37. b4 Bxf4 38. b5 Be5+ 39. Kc2
Bf5+ 40. Kd2 Rb1 41. b6 Rxb6 42. Be2 d5 43. Bf3 d4 44. Rd1 Rb2+ 45. Ke1 d3 46.
Kf1 Bg3 0-1

[Event "?"]
[Site "?"]
[Date "????.??.??"]
[Round "?"]
[White "Goy, Udo"]
[Black "Johansen, Bjorn"]
[Result "1-0"]
[WhiteElo "2220"]
[BlackElo "1705"]
[PlyCount "101"]
[EventDate "2013.??.??"]
[WhiteTeam "Schachfreunde Rhein"]
[BlackTeam "Norwegen 4"]

1. d4 d5 2. Nf3 Nc6 3. e3 Nf6 4. c4 Bg4 5. cxd5 Nxd5 6. Bc4 e6 7. Nc3 Bb4 8.
Bd2 a6 9. O-O O-O 10. Rc1 Nce7 11. Be2 Rc8 12. Qb3 Bd6 13. Ne4 b5 14. h3 Bf5
15. Nc5 Bxc5 16. Rxc5 Be4 17. Rfc1 Ng6 18. Ba5 Qf6 19. Bxc7 Nxc7 20. Rxc7 Rxc7
21. Rxc7 Qd8 22. Rc5 h6 23. a4 Qa5 24. axb5 axb5 25. Qc3 Qa1+ 26. Qc1 Qxc1+ 27.
Rxc1 b4 28. Nd2 Ba8 29. f4 Ne7 30. Kf2 f5 31. g3 Rd8 32. Rc5 Bd5 33. Rb5 Nc6
34. Bc4 Bxc4 35. Nxc4 Kf8 36. Ne5 Nxe5 37. fxe5 Rc8 38. Rxb4 Rc2+ 39. Kf3 g5
40. g4 fxg4+ 41. hxg4 Rc1 42. Rb8+ Kf7 43. Rb7+ Kf8 44. Rh7 Rh1 45. b4 Ke8 46.
b5 Kd8 47. b6 Rb1 48. b7 h5 49. gxh5 Rb3 50. h6 g4+ 51. Kxg4 1-0